000 00849nam a22002655i 4500
001 12410
003 ES-MaACL
005 20230906150316.0
007 t|
008 931122s1993 sp ||||0| spa j
020 _a84-7100-611-1
080 _a28(6)(091)"
245 0 3 _aEl cristianismo en el norte de Africa /
_cHenri Teissier, Ramón Lourido Díaz (coordinadores) ; Alphonse Georger...[et al.].
260 _aMadrid :
_bMAPFRE,
_cD.L. 1993.
300 _a298 p. ;
_c23 cm.
490 1 _aColección El Magreb ;
_v6
500 _aIndices.
650 1 4 _aCristianismo-
_zAfrica-
_vHistoria.
_911427
700 1 _aTeissier, Henri.
_9109529
700 1 _aLourido Díaz, Ramón.
_974330
700 1 _aGeorger, Alphonse.
_956390
830 0 _aColección El Magreb ;
_v6
_9178985
852 _aES-MaACL
_jL-19727
_bR.124186
999 _c12410
_d12410